Vorposten der Wissenschaft

Na minha lista:
Detalhes bibliográficos
Formato: Livro
Idioma:alemão
Publicado em: Leipzig Julius Kittls Nachfolger [s.a.]
Tags: Adicionar Tag
Sem tags, seja o primeiro a adicionar uma tag!

MARC

LEADER 00000nam a2200000 4500
001 0303327
005 20240801115355.4
041 0 |a ger 
044 |a DE 
245 1 0 |a Vorposten der Wissenschaft  |c Bernhard Jaffe 
264 1 |a Leipzig  |b Julius Kittls Nachfolger  |c [s.a.]